|
|
|
|
| LEADER |
00000ngm a22000007ic4500 |
| 001 |
IT\ICCU\MIL\0453677 |
| 003 |
ItRI |
| 005 |
20260124182811.0 |
| 008 |
000411q19901999it |||||||||||||||k|||||c |
| 040 |
|
|
|b ita
|
| 041 |
|
7 |
|a ita
|2 ISO-639-2
|
| 245 |
0 |
0 |
|a Novecento.
|
| 260 |
|
|
|a Roma :
|b CVC,
|c 199.?!
|
| 300 |
|
|
|a 1 videocassetta (VHS) (ca. 159 min.) :
|b color., son
|
| 500 |
|
|
|a Vietato ai minori di 14 anni.
|
| 773 |
0 |
|
|w IT\ICCU\MIL\0453660
|t Novecento
|g 2
|
| 942 |
|
|
|2 ddc
|c VM
|n 0
|
| 952 |
|
|
|0 0
|1 0
|4 0
|6 VO_216_000000000000000
|7 0
|9 26482
|a BO
|b BO
|d 2026-01-24
|i 6403
|l 0
|o VO 216
|p BO6403
|r 2026-01-24 18:28:11
|w 2026-01-24
|x [Sebina 5] [videocassetta 1-2]
|y VM
|z videocassetta 2
|
| 999 |
|
|
|c 22387
|d 22387
|